| 000 | 00757nam a2200313Ia 4500 | ||
|---|---|---|---|
| 008 | 160803s9999 xx 000 0 und d | ||
| 020 | _a978-1405256971 | ||
| 100 | _aMercer, Sienna | ||
| 245 | _aSwitched / | ||
| 245 | _cSienna Mercer. | ||
| 260 | _aNew York : | ||
| 260 | _bHarperTrophy, | ||
| 260 | _c2007 | ||
| 300 | _a199 pages ; | ||
| 300 | _c20 cm. | ||
| 440 | _aMy sister the Vampire, | ||
| 440 | _vbk. 1. | ||
| 650 | _aCheerleading -- | ||
| 650 | _aSchools -- | ||
| 650 | _aSisters -- | ||
| 650 | _aTwins -- | ||
| 650 | _aVampires -- | ||
| 650 | _xJuvenile fiction. | ||
| 650 | _xJuvenile fiction. | ||
| 650 | _xJuvenile fiction. | ||
| 650 | _xJuvenile fiction. | ||
| 650 | _xJuvenile fiction. | ||
| 700 | _a650 | ||
| 999 |
_c298346 _d298346 |
||